Szczegóły MARC
| 000 -Nagłówek |
| fixed length control field |
02411cam a2200553 i 4500 |
| 001 - Nr kontrolny bibl., która utworzyła rek. |
| control field |
xx004975902 |
| 003 - Siglum bibl., której nr kontr. jest w 001 |
| control field |
NUKAT |
| 005 - Data i czas ostatniej operacji |
| control field |
20260427133252.0 |
| 008 - Elementy pola stałej długości |
| fixed length control field |
201020s2020 pl a g |000 0 pol c |
| 020 ## - ISBN |
| ISBN |
9788380989993 |
| dopowiedzenie |
(oprawa twarda) : |
| warunki dostępności |
zł 29,00 |
| 035 ## - Systemowy numer kontrolny |
| systemowy numer kontrolny |
(OCoLC)1204367097 |
| 035 ## - Systemowy numer kontrolny |
| systemowy numer kontrolny |
(NUKAT)xx004975902 |
| 040 ## - Instytucja sporządzająca opis |
| Instytucja, która sporządziła opis |
KAT U/DB |
| język katalgowania-trzyzn. kod |
pol |
| zasady opisu |
rda |
| Instytucja, która sporządziła rekord |
KAT U/DBs |
| Instytucja, która zmodyfikowała rekord |
KAT U/DB |
| -- |
WR O/KB |
| -- |
OLSZT 008/bak |
| 045 2# - Okres czasu dla zawartości |
| czas między r. 9999 pne a nasz. czas. |
d1913 |
| -- |
d1951 |
| 046 ## - Kod rodz. daty, data1, data2 (daty pne) |
| Begin/single date |
2020 |
| Single or starting date for aggregated content |
1950 |
| Ending date for aggregated content |
1951 |
| 100 1# - Hasło główne-nazwa osobowa |
| Nazwa osobowa |
Jakimek-Zapart, Elżbieta. |
| rodzaj współpracy |
Autor |
| 9 (RLIN) |
40669 |
| 245 10 - Tytuł właściwy i oznaczenie odpow. |
| tytuł |
Sny wstaną... : |
| dodatek do tytułu |
grypsy Łukasza Cieplińskiego z celi śmierci / |
| dod. inf. ze s. tyt./ozn. odpow. |
Elżbieta Jakimek-Zapart ; Instytut Pamięci Narodowej. Komisja Ścigania Zbrodni przeciwko Narodowi Polskiemu. |
| 246 30 - Inne formy tytułu, wariant tytułu |
| tytuł |
Grypsy Łukasza Cieplińskiego z celi śmierci |
| 260 ## - Adres wydawniczy |
| miejsce wydania, dystrybucji itp. |
Warszawa : |
| nazwa wydawcy, dystrybutora itp. |
Instytut Pamięci Narodowej. Komisja Ścigania Zbrodni przeciwko Narodowi Polskiemu, |
| data wydania, dystrybucji itp. |
2020. |
| 300 ## - Opis fizyczny |
| objętość i/lub forma materiału |
95, [1] strona : |
| inne szczegóły opisu fizycznego |
ilustracje (w tym kolorowe) ; |
| format |
22 cm. |
| 336 ## - Content Type |
| Term |
Tekst |
| Code |
txt |
| Source |
rdacontent |
| 337 ## - Media Type |
| Term |
Bez urządzenia pośredniczącego |
| Code |
n |
| Source |
rdamedia |
| 338 ## - Carrier Type |
| Term |
Wolumin |
| Code |
nc |
| Source |
rdacarrier |
| 380 ## - Form of work |
| Form of work |
Książki |
| 380 ## - Form of work |
| Form of work |
Publikacje popularnonaukowe |
| 388 1# - TIME PERIOD OF CREATION |
| Time period of creation term |
1901-2000 |
| 388 1# - TIME PERIOD OF CREATION |
| Time period of creation term |
1945-1989 |
| 388 1# - TIME PERIOD OF CREATION |
| Time period of creation term |
2001- |
| 600 17 - Hasło przedmiotowe-nazwa osobowa |
| nazwa osobowa |
Ciepliński, Łukasz |
| daty biograficzne |
(1913-1951) |
| źródło hasła |
DBN |
| 9 (RLIN) |
40670 |
| 600 17 - Hasło przedmiotowe-nazwa osobowa |
| nazwa osobowa |
Ciepliński, Łukasz |
| daty biograficzne |
(1913-1951) |
| określnik formy |
korespondencja. |
| źródło hasła |
kaba |
| 9 (RLIN) |
40671 |
| 600 17 - Hasło przedmiotowe-nazwa osobowa |
| nazwa osobowa |
Ciepliński, Łukasz |
| daty biograficzne |
(1913-1951) |
| określnik rzeczowy |
uwięzienie. |
| źródło hasła |
kaba |
| 9 (RLIN) |
40672 |
| 610 27 - Hasło przedmiotowe-nazwa ciała zbior. |
| nazwa ciała zbior. lub geogr. |
Armia Krajowa (AK) |
| źródło hasła |
DBN |
| 9 (RLIN) |
37309 |
| 610 27 - Hasło przedmiotowe-nazwa ciała zbior. |
| nazwa ciała zbior. lub geogr. |
Zrzeszenie "Wolność i Niezawisłość" (1945-1947) |
| źródło hasła |
DBN |
| 9 (RLIN) |
37539 |
| 610 27 - Hasło przedmiotowe-nazwa ciała zbior. |
| nazwa ciała zbior. lub geogr. |
Zrzeszenie "Wolność i Niezawisłość" (1945-1947). |
| źródło hasła |
kaba |
| 9 (RLIN) |
39508 |
| 648 #7 - SUBJECT ADDED ENTRY--CHRONOLOGICAL TERM |
| Chronological term |
1901-2000 |
| Source of heading or term |
DBN |
| 9 (RLIN) |
34996 |
| 650 #7 - Hasło przedmiotowe-nazwa pospolita |
| nazwa pospolita lub geogr. |
Podziemie polityczne i zbrojne (1944-1956) |
| źródło hasła |
DBN |
| 9 (RLIN) |
37255 |
| 650 #7 - Hasło przedmiotowe-nazwa pospolita |
| nazwa pospolita lub geogr. |
Ruch oporu |
| źródło hasła |
DBN |
| 9 (RLIN) |
35814 |
| 650 #7 - Hasło przedmiotowe-nazwa pospolita |
| nazwa pospolita lub geogr. |
Więźniowie polityczni |
| źródło hasła |
DBN |
| 9 (RLIN) |
37312 |
| 650 #7 - Hasło przedmiotowe-nazwa pospolita |
| nazwa pospolita lub geogr. |
Procesy polityczne |
| określnik geograficzny |
Polska |
| określnik chronologiczny |
1945-1970 |
| określnik formy |
źródła. |
| źródło hasła |
kaba |
| 9 (RLIN) |
40673 |
| 651 #7 - Hasło przedmiotowe-nazwa geogr. |
| nazwa geograficzna |
Polska |
| źródło hasła |
DBN |
| 9 (RLIN) |
35076 |
| 655 #7 - Termin określający rodzaj/formę |
| rodzaj/forma |
Antologia |
| źródło terminu |
DBN |
| 9 (RLIN) |
34961 |
| 655 #7 - Termin określający rodzaj/formę |
| rodzaj/forma |
Grypsy |
| źródło terminu |
DBN |
| 9 (RLIN) |
40674 |
| 655 #7 - Termin określający rodzaj/formę |
| rodzaj/forma |
Opracowanie |
| źródło terminu |
DBN |
| 9 (RLIN) |
35024 |
| 655 #7 - Termin określający rodzaj/formę |
| rodzaj/forma |
Wydawnictwo źródłowe |
| źródło terminu |
DBN |
| 9 (RLIN) |
35066 |
| 658 ## - Nazwa określająca cel programu nauczania |
| główny cel programu nauczania |
Historia |
| 710 2# - Hasło dodatkowe - nazwa ciała zbior. |
| nazwa ciała zbior. lub nazwa geogr. |
Instytut Pamięci Narodowej - Komisja Ścigania Zbrodni przeciwko Narodowi Polskiemu. |
| rodzaj współpracy |
Instytucja sprawcza |
| -- |
Wydawca |
| kod rodzaju współpracy |
pbl |
| 9 (RLIN) |
11792 |
| 920 ## - ISBN |
| ISBN |
978-83-8098-999-3 (oprawa twarda) : zł 29,00 |
| 942 ## - ADDED ENTRY ELEMENTS (KOHA) |
| Source of classification or shelving scheme |
Dewey Decimal Classification |
| Koha item type |
pozycje dostępne na miejscu |